ARRUPE JESUIT UNIVERSITY

CORONAVIRUS -STOP THE SPREAD - CLEAN,DISINFECT,COVER

African outline: (Record no. 37879)

MARC details
000 -LEADER
fixed length control field 00836cam a22002771 4500
001 - CONTROL NUMBER
control field 4164045
003 - CONTROL NUMBER IDENTIFIER
control field ARRUPE
005 - DATE AND TIME OF LATEST TRANSACTION
control field 20170529124416.0
008 - FIXED-LENGTH DATA ELEMENTS--GENERAL INFORMATION
fixed length control field 700330r19661964enkb b 000 0 eng
010 ## - LIBRARY OF CONGRESS CONTROL NUMBER
LC control number 78356673
015 ## - NATIONAL BIBLIOGRAPHY NUMBER
National bibliography number B66-8800
040 ## - CATALOGING SOURCE
Original cataloging agency DLC
Transcribing agency DLC
Modifying agency DLC
050 00 - LIBRARY OF CONGRESS CALL NUMBER
Classification number DT20
Item number .B6 1966
082 00 - DEWEY DECIMAL CLASSIFICATION NUMBER
Classification number 916
300 ## - PHYSICAL DESCRIPTION
Other physical details maps.
Dimensions 18 cm.
100 1# - MAIN ENTRY--PERSONAL NAME
Personal name Bohannan, Paul.
9 (RLIN) 22753
240 10 - UNIFORM TITLE
Uniform title <a href="Africa and Africans">Africa and Africans</a>
245 10 - TITLE STATEMENT
Title African outline:
Remainder of title a general introduction.
260 ## - PUBLICATION, DISTRIBUTION, ETC. (IMPRINT)
Place of publication, distribution, etc Harmondsworth,
Name of publisher, distributor, etc Penguin,
Date of publication, distribution, etc 1966.
300 ## - PHYSICAL DESCRIPTION
Extent 238 p.
350 ## - PRICE (NR) (BK AM CF MU VM SE) [OBSOLETE]
Price 4/6
490 0# - SERIES STATEMENT
Series statement Penguin African library
500 ## - GENERAL NOTE
General note Originally published in 1964 under title: Africa and Africans.
504 ## - BIBLIOGRAPHY, ETC. NOTE
Bibliography, etc Bibliography: p. 229-233.
651 #0 - SUBJECT ADDED ENTRY--GEOGRAPHIC NAME
Geographic name Africa
General subdivision History.
9 (RLIN) 31516
906 ## - LOCAL DATA ELEMENT F, LDF (RLIN)
a 7
b cbc
c orignew
d u
e ncip
f 19
g y-gencatlg
942 ## - ADDED ENTRY ELEMENTS (KOHA)
Source of classification or shelving scheme Library of Congress Classification
Koha item type Monograph ( Printed materials)
Holdings
Withdrawn status Lost status Source of classification or shelving scheme Damaged status Not for loan Collection code Home library Current library Shelving location Date acquired Total Checkouts Full call number Barcode Date last seen Date checked out Copy number Price effective from Koha item type
    Library of Congress Classification     Main Collection ARRUPE LIBRARY ARRUPE LIBRARY   04/03/2013 3 DT20.B6 1964 46003098151 07/12/2017 18/12/2015 1 04/03/2013 Monograph ( Printed materials)

 

Arrupe Library. PO Box MP320 Mt Pleasant, Harare, Zimbabwe
263 242 745411|librarian@aju.ac.zw